Iowa State Basketball: Leading Scorer Every Year - Statistics

General Stats
  • This quiz has been taken 66 times
  • The average score is 18 of 77
Answer Stats
Year Player Average % Correct
2014-2015 Georges Niang 15.3
92%
2015-2016 Georges Niang 20.5
92%
2016-2017 Monté Morris 16.4
92%
2023-2024 Keshon Gilbert 13.7
90%
2019-2020 Tyrese Haliburton 15.2
81%
1994-1995 Fred Hoiberg 19.9
69%
2021-2022 Izaiah Brockington 16.9
69%
2013-2014 Melvin Ejim 17.8
54%
2022-2023 Jaren Holmes 13.3
46%
2018-2019 Marial Shayok 18.7
46%
1997-1998 Marcus Fizer 14.9
44%
1998-1999 Marcus Fizer 18.0
44%
1999-2000 Marcus Fizer 22.8
44%
2020-2021 Rasir Bolton 15.5
44%
1965-1966 Don Smith 18.0
42%
1966-1967 Don Smith 24.8
42%
1967-1968 Don Smith 24.2
42%
2000-2001 Jamaal Tinsley 14.3
42%
2017-2018 Lindell Wigginton 16.7
40%
2011-2012 Royce White 13.4
38%
2008-2009 Craig Brackins 20.2
27%
2009-2010 Craig Brackins 16.5
27%
2003-2004 Curtis Stinson 16.2
27%
2004-2005 Curtis Stinson 17.2
27%
2005-2006 Curtis Stinson 19.4
27%
1985-1986 Jeff Grayer 20.7
25%
1986-1987 Jeff Grayer 22.4
25%
1987-1988 Jeff Grayer 25.3
25%
2012-2013 Will Clyburn 14.9
25%
2010-2011 Diante Garrett 17.3
23%
1982-1983 Barry Stevens 16.8
19%
1983-1984 Barry Stevens 22.2
19%
1984-1985 Barry Stevens 21.7
19%
1955-1956 Gary Thompson 19.1
19%
1956-1957 Gary Thompson 20.7
19%
2006-2007 Mike Taylor 16.0
19%
1972-1973 Clint Harris 17.5
15%
1981-1982 Ron Harris 13.3
15%
1995-1996 Dedric Willoughby 20.5
13%
1996-1997 Dedric Willoughby 18.9
13%
2002-2003 Jake Sullivan 17.0
13%
1988-1989 Victor Alexander 19.9
13%
1989-1990 Victor Alexander 19.7
13%
1990-1991 Victor Alexander 23.4
13%
1970-1971 Gene Mack 19.8
10%
2007-2008 Jiří Hubálek 12.4
10%
1993-1994 Loren Meyer 22.3
10%
1976-1977 Dean Uthoff 11.5
6%
1973-1974 Hercle Ivy 16.9
6%
1974-1975 Hercle Ivy 28.3
6%
1975-1976 Hercle Ivy 22.8
6%
1991-1992 Justus Thigpen 16.3
6%
1992-1993 Justus Thigpen 17.6
6%
2001-2002 Tyray Pearson 18.7
6%
1964-1965 Al Koch 17.8
4%
1977-1978 Andrew Parker 22.4
4%
1978-1979 Andrew Parker 20.3
4%
1968-1969 Bill Cain 21.8
4%
1969-1970 Bill Cain 19.8
4%
1948-1949 Bob Petersen 10.1
4%
1953-1954 Chuck Duncan 14.3
4%
1954-1955 Chuck Duncan 21.9
4%
1979-1980 Chuck Harmison 12.5
4%
1952-1953 Del Diercks 17.7
4%
1949-1950 Dudley Ruisch 9.4
4%
1960-1961 Henry Whitney 17.5
4%
1951-1952 Jim Strange 14.2
4%
1957-1958 John Crawford 14.1
4%
1958-1959 John Krocheski 14.4
4%
1971-1972 Martinez Denmon 16.8
4%
1962-1963 Marv Straw 14.3
4%
1947-1948 Ray Wehde 9.0
4%
1963-1964 Rich Froistad 10.0
4%
1980-1981 Robert Estes 14.9
4%
1950-1951 Sylvester Wilhelmi 11.1
4%
1959-1960 Vince Brewer 15.3
4%
1961-1962 Vince Brewer 13.7
4%
No matching quizzes found
Score Distribution
Percent of People with Each Score
Percentile by Number Answered
Your Score History
You have not taken this quiz